[Event "World School-ch U15 8th"]
[Site "Iasi"]
[Date "2012.05.05"]
[Round "8"]
[White "Ladzin, Ivan"]
[Black "Ofir, Eran"]
[Result "0-1"]
[WhiteElo "1726"]
[BlackElo "1913"]
[PlyCount "94"]
[EventDate "2012.04.28"]
[EventType "swiss"]
[EventRounds "9"]
[EventCountry "ROU"]
[SourceTitle "EXT 2013"]
[Source "ChessBase"]
[SourceDate "2012.11.22"]
[SourceVersion "1"]
[SourceVersionDate "2012.11.22"]
[SourceQuality "1"]

1. d4 Nf6 2. Bg5 g6 3. Bxf6 exf6 4. e3 d5 5. g3 Bd6 6. Bg2 c6 7. Nd2 Be6 8. h4 Nd7 9. a3 Qc7 10. Ne2 f5 11. c3 Nf6 12. Qc2 b5 13. b4 a5 14. Nb3 axb4 15. axb4 Rxa1+ 16. Nxa1 0-0 17. Nf4 Ra8 18. Nb3 Qa7 19. Na5 Bd7 20. 0-0 Bc7 21. Ra1 Qb8 22. Qb2 Ra7 23. Nb3 Be6 24. Rxa7 Qxa7 25. Qa1 Qxa1+ 26. Nxa1 Bxf4 27. exf4 Nd7 28. Nb3 Nb6 29. Na5 Bd7 30. Nb3 Na4 31. Nc5 Be6 32. Kf1 Nxc3 33. Ke1 Kg7 34. Bf1 Kh6 35. Be2 Ne4 36. Nxe4 dxe4 37. Kd2 f6 38. Ke3 Kg7 39. f3 Bd5 40. g4 exf3 41. Bxf3 Bxf3 42. Kxf3 fxg4+ 43. Kxg4 f5+ 44. Kf3 Kf6 45. Ke3 Ke6 46. Ke2 Kd5 47. Kd3 h6 0-1

[Event "World School-ch U15 8th"]
[Site "Iasi"]
[Date "2012.05.04"]
[Round "7"]
[White "Ofir, Eran"]
[Black "Pancu, Veniamin Mihai"]
[Result "1-0"]
[WhiteElo "1913"]
[BlackElo "1449"]
[PlyCount "73"]
[EventDate "2012.04.28"]
[EventType "swiss"]
[EventRounds "9"]
[EventCountry "ROU"]
[SourceTitle "EXT 2013"]
[Source "ChessBase"]
[SourceDate "2012.11.22"]
[SourceVersion "1"]
[SourceVersionDate "2012.11.22"]
[SourceQuality "1"]

1. e4 c5 2. Nf3 Nc6 3. Bb5 a6 4. Bxc6 bxc6 5. 0-0 g6 6. c3 Bg7 7. d4 cxd4 8. cxd4 Nf6 9. Nc3 0-0 10. h3 Bb7 11. Re1 Qc7 12. Be3 d6 13. Rc1 Rac8 14. e5 Ne8 15. Qb3 h6 16. Bf4 d5 17. Nxd5 Qd7 18. Nb6 Qd8 19. Nxc8 Qxc8 20. d5 Qd7 21. dxc6 Bxc6 22. Red1 Qb7 23. Qxb7 Bxb7 24. Rd7 Bxf3 25. gxf3 f6 26. e6 f5 27. Rxe7 g5 28. Bd2 Bxb2 29. Rc8 Nf6 30. Rxf8+ Kxf8 31. Ra7 g4 32. Bb4+ Kg8 33. Ra8+ Kg7 34. e7 Kf7 35. Rf8+ Kg7 36. Rxf6 Bxf6 37. e8Q 1-0